000 00395 a2200169 4500
001 156609
020 _a8532207944
040 _cEscola São Tomás de Aquino
100 _aBRAZ, Júlio Emílio
240 1 0 _aAbre- te, sésamo!
_lpor
245 1 0 _aAbre- te, sésamo!
300 _a64
362 0 _a1998
440 1 _aFTD
697 _aDrogas / uso, abuso – Psicotrópicos
942 _cBK
999 _c156609
_d156609